Understanding feminism / (Record no. 139985)
[ view plain ]
| 000 -LEADER | |
|---|---|
| fixed length control field | 00518nam a22001817a 4500 |
| 005 - DATE AND TIME OF LATEST TRANSACTION | |
| control field | 20170517104813.0 |
| 010 ## - LCCN (DPL NO) | |
| LC control number | ENG-118185 |
| 020 ## - INTERNATIONAL STANDARD BOOK NUMBER | |
| International Standard Book Number | 9789384275044 |
| Terms of availability | 1250.00 |
| 035 ## - SYSTEM CONTROL NUMBER | |
| System control number | EN-101717 |
| 037 ## - SOURCE OF ACQUISITION | |
| Source of stock number/acquisition | DBAD/PUB |
| 082 ## - DEWEY DECIMAL CLASSIFICATION NUMBER | |
| Classification number | 305.42 |
| 100 ## - MAIN ENTRY--PERSONAL NAME | |
| Personal name | Dewani, Richa |
| 245 ## - TITLE STATEMENT | |
| Title | Understanding feminism / |
| Statement of responsibility, etc | Richa Dewani |
| 260 ## - PUBLICATION, DISTRIBUTION, ETC. (IMPRINT) | |
| Place of publication, distribution, etc | India |
| Name of publisher, distributor, etc | NE BOOKS AND PUBLISHERS |
| Date of publication, distribution, etc | 2017 |
| 270 ## - ADDRESS | |
| Address | National Highway Silchar- 788005 Assam, India |
| 300 ## - PHYSICAL DESCRIPTION | |
| Extent | 293p. |
| Dimensions | 24cm. (Hb) |
| 942 ## - ADDED ENTRY ELEMENTS (KOHA) | |
| Source of classification or shelving scheme | Dewey Decimal Classification |
| Item type | English Books |
| Classification part | 305.42 |
| Call number suffix | DEW |
| Withdrawn status | Lost status | Not for loan | Collection code | Home library | Current library | Date acquired | Source of acquisition | Cost, normal purchase price | Full call number | Barcode | Copy number | Cost, replacement price | Koha item type |
|---|---|---|---|---|---|---|---|---|---|---|---|---|---|
| Not For Loan | Non-fiction | D.B.Act.Division | Bawana | 17/05/2017 | DBAD/PUB | 1250.00 | 305.42 DEW | EN-101717 | 1 | 1250.00 | English Books | ||
| Not For Loan | Non-fiction | D.B.Act.Division | D.B.Act.Division | 17/05/2017 | DBAD/PUB | 1250.00 | 305.42 DEW | 101717 | 1 | 1250.00 | English Books |
